01366 a2200193 4500999001700000020001800017082002200035100002500057100001800082245003500100250002400135260003100159300001700190504001900207520073800226650005400964942001201018952014201030 c26288d26288 a9780367444884 a305.420954bFOR-W aForster, Christine  aSagade, Jaya  aWomen's human rights in India  aSouth Asia Edition  bRoutledgec2020aNew York  aviii, 224p.  aInclude Index  aThis book focuses on women's human rights in India. Drawing on case studies, it provides a clear overview of the key sources on gender and rights in the country. Further, it contextualizes women's rights at the critical intersection of caste, religion and class, and analyses barriers to the realization of women's human rights in practice. It also develops strategies for moving forward towards greater recognition, protection, promotion and fulfilment of women's human rights in India. Drawing on critical pedagogical tools to analyse groundbreaking court cases, this book will be a key text in human rights studies. It will be indispensable to students, scholars and researchers of gender studies, sociology, law and human rights. aWomen's rightsvHuman rightsvLegal statuszIndia 2ddccBK 00104070aNASSDOCbNASSDOCd2020-07-08eOPg726.35i2020-06-11l0o305.420954 FOR-Wp51036r2020-07-15 00:00:00v995.00w2020-07-15yBK